01099 2200349 4500001002100000005001500021035002000036007000300056008004100059020002200100082001200122084001400134100003600148245010800184250002600292300002900318264004600347336002100393337003000414338002300444040002200467090002200489850001200511999002200523440002900545700003700574700003600611500002700647041001300674600004000687990002200727INLIS00000000087836320230508023904 a0010-0523000240ta230508s2023 yoi g 0 |aind d a978-623-400-577-604223a920 a920 MAC s1 aMachiavelli, NiccoloePengarang1 aSang pangeran /cNiccolo Machiavelli; penerjemah, Joshua David Santoso; penyunting, Nindya Ferrtikasari aCetakan Pertama, 2023 avi, 170 halaman ;c20 cm aYogyakarta :bAnak Hebat Indonesia,c2023 2rdacontentateks 2rdamediaatanpa perantara 2rdacarrieravolume aYOPDYOGbinderda aCB-D.11 2023-0333 aYOPDYOG aCB-D.11/2023-0333 aSeri pendidikan karakter0 aJoshua David SantosoePenerjemah0 aNindya FerrtikasariePenyunting aJudul asli: The prince1 aindheng 4aNiccolo Machiavelli--vAutobiografi aCB-D.11/2023-0333